<?xml version="1.0" encoding="UTF-8"?>
<record
    xmlns:xsi="http://www.w3.org/2001/XMLSchema-instance"
    xsi:schemaLocation="http://www.loc.gov/MARC21/slim http://www.loc.gov/standards/marcxml/schema/MARC21slim.xsd"
    xmlns="http://www.loc.gov/MARC21/slim">

  <leader>03332nam a22002537a 4500</leader>
  <controlfield tag="005">20250506155952.0</controlfield>
  <controlfield tag="008">250503b        |||||||| |||| 00| 0 eng d</controlfield>
  <datafield tag="020" ind1=" " ind2=" ">
    <subfield code="a">9789351610939</subfield>
  </datafield>
  <datafield tag="040" ind1=" " ind2=" ">
    <subfield code="c">AIMIT LIBRARY</subfield>
  </datafield>
  <datafield tag="082" ind1=" " ind2=" ">
    <subfield code="2">1</subfield>
    <subfield code="a">658</subfield>
    <subfield code="b">GUPC</subfield>
  </datafield>
  <datafield tag="100" ind1=" " ind2=" ">
    <subfield code="a">Gupta, C.B.</subfield>
    <subfield code="9">209141</subfield>
  </datafield>
  <datafield tag="245" ind1=" " ind2=" ">
    <subfield code="a">Management :</subfield>
    <subfield code="b">theory and practice /</subfield>
    <subfield code="c">By C.B. Gupta.</subfield>
  </datafield>
  <datafield tag="250" ind1=" " ind2=" ">
    <subfield code="a">1st </subfield>
  </datafield>
  <datafield tag="260" ind1=" " ind2=" ">
    <subfield code="a">New Delhi :</subfield>
    <subfield code="b">Sultan Chand and Sons ,</subfield>
    <subfield code="c">2022.</subfield>
  </datafield>
  <datafield tag="300" ind1=" " ind2=" ">
    <subfield code="a">xxix,56.4p.;</subfield>
    <subfield code="b">PB</subfield>
    <subfield code="c">25.2 cm.</subfield>
  </datafield>
  <datafield tag="500" ind1=" " ind2=" ">
    <subfield code="a">About The Book
This book is designed to provide a comprehensive and contemporary study of management. A wide range of topics relevant to effective management of business and other organizations are covered. It is primarily a student-oriented book for those pursuing courses in Commerce, Management and Allied Disciplines.

Salient Features
Comprehensive coverage of various topics.
Systematic arrangement and analytical presentation.
Contains several topics of contemporary interest e.g. Modern Management Gurus, Knowledge Management, Corporate Governance, Network Organisation, Balanced Scorecard, Economic Value Added Management of Family Business, Benchmarking, Business Process Reengineering, TQM, JIT, Six Sigma.
Lucid and Simple Language.
Emphasis on conceptual clarity.
Precise and clear exposition of the text.</subfield>
  </datafield>
  <datafield tag="505" ind1=" " ind2=" ">
    <subfield code="a">
Contents :

Part I - Introduction to Management
Concept and Nature and Scope of Management
Management Process&#x2013;Functions and Principles
Coordination&#x2013;The Essence of Managing
Evolution of Management Thought
Modern Management Gurus
Management and Environment
Part II - Planning and Decision-making
Nature, Process and Types of Planning
Forecasting
Management by Objectives
Decision-making
Strategic Management Process
Problem Solving
Part III - Organising
Nature and Principles of Organisation
Departmentation
Span of Management
Authority and Responsibility
Delegation and Decentralisation
Forms of Organisation Structure
Line and Staff Relations
Theories of Organisation 
Management of Change
Organisation Development
Organisation Charts and Manuals
Organisational Climate and Culture
Organisational Conflicts
Organisational Politics
Part IV - Staffing
Nature and Scope of Staffing
Selection, Training and Development
Human Resources&#x2013;Appraisal and Accounting
Knowledge Management
Learning Organisation
Part V - Directing
Nature and Scope of Directing
Motivation and Morale
Communication
Leadership
Supervision
Team Building
Crisis Management
Corporate Governance
Part VI - Controlling
Nature and Process of Controlling
Techniques of Control
Part VII - Management and Society
Management of Public Undertakings
Social Responsibilities of Business
Business Ethics
Japanese Management
International Management
Excellence in Management
Management of Time
Management of Family Business
Management of Non-profit Organisation
Management in Future
Modern Management Techniques
The Entrepreneurship Development
Some Syllabi on management
Select Bibliography
Subject Index
Index</subfield>
  </datafield>
  <datafield tag="650" ind1=" " ind2=" ">
    <subfield code="a">Planning and decision </subfield>
    <subfield code="9">209142</subfield>
  </datafield>
  <datafield tag="650" ind1=" " ind2=" ">
    <subfield code="a">Organising</subfield>
    <subfield code="9">209143</subfield>
  </datafield>
  <datafield tag="650" ind1=" " ind2=" ">
    <subfield code="a">Concept nature and scope of management</subfield>
    <subfield code="9">209144</subfield>
  </datafield>
  <datafield tag="650" ind1=" " ind2=" ">
    <subfield code="a">Modern management gurus</subfield>
    <subfield code="9">209145</subfield>
  </datafield>
  <datafield tag="650" ind1=" " ind2=" ">
    <subfield code="a">Management and environment</subfield>
    <subfield code="9">209146</subfield>
  </datafield>
  <datafield tag="942" ind1=" " ind2=" ">
    <subfield code="2">ddc</subfield>
    <subfield code="c">BK</subfield>
    <subfield code="k">658 GUPC</subfield>
  </datafield>
  <datafield tag="999" ind1=" " ind2=" ">
    <subfield code="c">234270</subfield>
    <subfield code="d">234270</subfield>
  </datafield>
  <datafield tag="952" ind1=" " ind2=" ">
    <subfield code="0">0</subfield>
    <subfield code="1">0</subfield>
    <subfield code="2">ddc</subfield>
    <subfield code="4">0</subfield>
    <subfield code="7">0</subfield>
    <subfield code="8">MBA</subfield>
    <subfield code="a">AIMIT</subfield>
    <subfield code="b">AIMIT</subfield>
    <subfield code="c">MGT</subfield>
    <subfield code="d">2025-03-14</subfield>
    <subfield code="e">Biblios Book Point</subfield>
    <subfield code="g">595.00</subfield>
    <subfield code="i">Bill.no:7467;Bill dt2025/3/11</subfield>
    <subfield code="l">0</subfield>
    <subfield code="o">658 GUPC</subfield>
    <subfield code="p">MBA15075</subfield>
    <subfield code="r">2026-05-23 00:00:00</subfield>
    <subfield code="v">505.75</subfield>
    <subfield code="w">2025-05-03</subfield>
    <subfield code="y">BK</subfield>
  </datafield>
  <datafield tag="952" ind1=" " ind2=" ">
    <subfield code="0">0</subfield>
    <subfield code="1">0</subfield>
    <subfield code="2">ddc</subfield>
    <subfield code="4">0</subfield>
    <subfield code="7">0</subfield>
    <subfield code="8">MBA</subfield>
    <subfield code="a">AIMIT</subfield>
    <subfield code="b">AIMIT</subfield>
    <subfield code="c">MGT</subfield>
    <subfield code="d">2025-03-14</subfield>
    <subfield code="e">Biblios Book Point</subfield>
    <subfield code="g">595.00</subfield>
    <subfield code="i">Bill.no:7467;Bill dt2025/3/11</subfield>
    <subfield code="l">0</subfield>
    <subfield code="o">658 GUPC</subfield>
    <subfield code="p">MBA15076</subfield>
    <subfield code="r">2026-05-23 00:00:00</subfield>
    <subfield code="v">505.75</subfield>
    <subfield code="w">2025-05-03</subfield>
    <subfield code="y">BK</subfield>
  </datafield>
</record>
